Music Quiz

Random Music or Movie Titles Quiz

Rolling Stones Songs By Movie Titles Quiz Stats

Quiz not verified by Sporcle

Challenge
Share
Tweet
Embed
Score 0/15 Timer 04:00
0 Plays Today
Movie Title Song % Correct
Paint Your WagonPaint It, Black
98.7%
Sympathy for Mr. VengeanceSympathy for the Devil
97.5%
Honkytonk ManHonky Tonk Women
89.9%
Gimme the LootGimme Shelter
88.6%
Jackie BrownBrown Sugar
84.8%
Midnight in the Garden of Good and EvilMidnight Rambler
83.5%
Into the WildWild Horses
79.7%
She's All ThatShe's a Rainbow
75.9%
Movie Title Song % Correct
21 Jump StreetStreet Fighting Man
73.4%
Face/OffGet Off of My Cloud
69.6%
Child's PlayPlay with Fire
59.5%
Once Upon a Time in the WestTime Is on My Side
57%
Tears of the SunAs Tears Go By
39.2%
No Country for Old MenNo Expectations
38%
12 Years a Slave2000 Light Years from Home
17.7%

You're not logged in!

Compare scores with friends on all Sporcle quizzes.
Sign Up with Email
OR
Log In

You Might Also Like...

Show Comments

Extras

Top Quizzes Today


Score Distribution

Your Account Isn't Verified!

In order to create a playlist on Sporcle, you need to verify the email address you used during registration. Go to your Sporcle Settings to finish the process.

Report this User

Report this user for behavior that violates our Community Guidelines.

Details: